000 00670nam a2200217 i 4500
001 106156
003 ES-MaACL
005 20251120063138.0
007 t|
008 061003s1969 sp ||||1| spa d
080 _a334.73
100 1 _aPérez Baró, Albert,
_d1902-1989
_990657
245 1 4 _aLos consumidores y el cooperativismo /
_cAlberto Pérez Baró.
260 _aBarcelona :
_bCooperativa Paz y Juaticia,
_c[1969]
300 _a47 p. ;
_c21 cm.
500 _aBiblioteca Juan Andrade.
650 1 4 _aCooperativismo.
_911357
710 2 _aCooperativa Paz y Justicia.
_93292
852 _aES-MaACL
_jAND-Fol-24
_bR.110409
999 _c106156
_d106156